| 000 | 01029nam a2200289 a 4500 | ||
|---|---|---|---|
| 001 | 68591 | ||
| 003 | BD-RjUL | ||
| 005 | 20211209081805.0 | ||
| 008 | 170403s1936 enk 001 0 eng d | ||
| 035 | _a(BD-RjUL)68801 | ||
| 035 | _a(OCoLC)1906870 | ||
| 040 |
_aDLC _cFMU _dOCoLC _dDLC _dBD-RjUL _beng |
||
| 041 | _aeng | ||
| 082 |
_223 _a150.195 _bFRI 1936 |
||
| 100 | 1 |
_aFreud, Sigmund, _d1856-1939. _9131465 |
|
| 245 | 1 | 0 |
_aInhibitions, Symptoms and Anxiety / _cSigmund Freud ... authorized translation by Alix Strachey. |
| 260 |
_aLondon : _bPub. by L and Virginia Woolf at the Hogarth Press, and the Institute of Psycho-analysis, _c1936 |
||
| 300 |
_a179 p. : _c23 cm. |
||
| 500 | _aIncludes index | ||
| 650 | 0 |
_aPsychoanalysis. _9203310 |
|
| 650 | 0 |
_aFear. _9202706 |
|
| 650 | 0 |
_aNeuroses. _9203311 |
|
| 700 | 1 |
_aStrachey, Alix, _ctr. _9203312 |
|
| 830 |
_aThe international psycho-analytical library ... _vNo. 28 _9210121 |
||
| 942 |
_2ddc _cBK |
||
| 999 |
_c68591 _d68591 |
||